|
|
|
|
| LEADER |
00778nam a22001931a 4500 |
| 082 |
|
|
|a M1
|b RAM/B
|
| 245 |
|
|
|a Bharatheeya kavithakal/
|c translated by Ramakrishnan Desamangalam
|
| 260 |
|
|
|a Thiruvananthapuram:
|b Prabhat,
|c 1991.
|
| 300 |
|
|
|a 100p.
|
| 500 |
|
|
|a Ramakrishnan Desamangalam
|
| 650 |
|
|
|a Poetry Malayalam
|9 103651
|
| 650 |
|
|
|a Literature Malayalam
|9 103652
|
| 650 |
|
|
|a Literature
|9 103653
|
| 700 |
|
|
|a Ramakrishnan Desamangalam (tr.)
|9 103654
|
| 942 |
|
|
|c BK
|
| 942 |
|
|
|c BK
|
| 999 |
|
|
|c 4956
|d 4956
|
| 952 |
|
|
|0 0
|1 0
|4 0
|6 M_1_000000000000000_RAM_B
|7 0
|9 7593
|a SSUS
|b SSUS
|d 2015-01-08
|g 18.00
|o M1 RAM/B
|p 014989
|r 2015-01-08
|v 0.00
|w 2015-01-08
|y BK
|
| 952 |
|
|
|0 0
|1 0
|4 0
|6 M_1_000000000000000_RAM_B
|7 0
|9 7594
|a SSUS
|b SSUS
|d 2015-01-08
|g 18.00
|o M1 RAM/B
|p 009443
|r 2015-01-08
|v 0.00
|w 2015-01-08
|y BK
|